[Event "Finale Challenge Blitz BNP Paribas"]
[Site "Port Marly"]
[Date "2013.06.15"]
[Round "14.1"]
[White "Varoquier, Romain"]
[Black "Dourerassou, Jonathan"]
[Result "0-1"]
[WhiteElo "2310"]
[BlackElo "2580"]
[PlyCount "109"]
[EventDate "2013.06.15"]
[EventType "match (rapid)"]
[EventRounds "15"]
[EventCountry "FRA"]
[SourceDate "2005.09.12"]

1. e4 c5 2. c4 b6 3. Nc3 Bb7 4. g3 g6 5. Bg2 Bg7 6. Nge2 Nc6 7. a3 e6 8. Rb1
Nge7 9. O-O O-O 10. b4 d6 11. d3 Qd7 12. Be3 Nd4 13. Qd2 Rac8 14. Bh6 Nec6 15.
Bxg7 Kxg7 16. f4 f5 17. b5 Ne7 18. Qe3 Nxe2+ 19. Qxe2 Rce8 20. Rbd1 d5 21. a4
d4 22. Nb1 Ng8 23. Nd2 Nf6 24. Nf3 Ng4 25. Ne5 Nxe5 26. fxe5 Qc7 27. Rde1 Qxe5
28. exf5 Qxe2 29. f6+ Rxf6 30. Rxe2 Rxf1+ 31. Kxf1 Bc8 32. a5 e5 33. axb6 axb6
34. Ra2 Bf5 35. Be4 Re6 36. Ra7+ Kh6 37. h4 Rf6 38. Ke2 Bg4+ 39. Ke1 Bf3 40.
Re7 Bxe4 41. dxe4 Rf3 42. Rxe5 Rxg3 43. Re6 Rc3 44. Rxb6 Rxc4 45. Rc6 d3 46.
Kd2 Rxe4 47. Kxd3 Rd4+ 48. Kc3 Rxh4 49. Rxc5 Rh1 50. b6 Rb1 51. Rc6 Kh5 52. Kc4
g5 53. Kc5 g4 54. Rd6 g3 55. Rd3 0-1

[Event "Finale Challenge Blitz BNP Paribas"]
[Site "Port Marly"]
[Date "2013.06.15"]
[Round "14.2"]
[White "Guliyev, Namig"]
[Black "Dieu, Bruno"]
[Result "1-0"]
[WhiteElo "2580"]
[BlackElo "2360"]
[PlyCount "77"]
[EventDate "2013.06.15"]
[EventType "match (rapid)"]
[EventRounds "15"]
[EventCountry "FRA"]
[SourceDate "2005.09.12"]

1. e4 e6 2. d4 d5 3. Nc3 Bb4 4. e5 c5 5. a3 Bxa3 6. bxa3 Qc7 7. Nf3 b6 8. Bb5+
Bd7 9. Bd3 Ba4 10. Bd2 Nc6 11. O-O c4 12. Be2 h6 13. Ne1 Nge7 14. f4 Kd7 15. g3
Qd8 16. Ng2 Qg8 17. Ne3 Qh7 18. Rf2 Rag8 19. Rc1 g5 20. Ng4 Kc7 21. Nf6 Qg7 22.
Nxg8 Rxg8 23. fxg5 hxg5 24. Bg4 Nd8 25. Qf3 Qg6 26. Be3 Rg7 27. Qf6 Kd7 28.
Qxg6 Rxg6 29. Rcf1 Rg7 30. h3 b5 31. Kg2 a5 32. Bc1 Ke8 33. Bh5 Kf8 34. g4 Ke8
35. Kg3 Nec6 36. h4 gxh4+ 37. Kxh4 b4 38. axb4 axb4 39. Bf4 1-0

[Event "Finale Challenge Blitz BNP Paribas"]
[Site "Port Marly"]
[Date "2013.06.15"]
[Round "14.3"]
[White "Rene, Benoit"]
[Black "Mayer, Philippe"]
[Result "1/2-1/2"]
[WhiteElo "2430"]
[BlackElo "2330"]
[PlyCount "85"]
[EventDate "2013.06.15"]
[EventType "match (rapid)"]
[EventRounds "15"]
[EventCountry "FRA"]
[SourceDate "2005.09.12"]

1. g3 c5 2. Bg2 Nc6 3. e4 g6 4. d3 Bg7 5. f4 e6 6. Nf3 Nge7 7. O-O O-O 8. c3 d5
9. e5 d4 10. c4 Nf5 11. Re1 b6 12. Na3 a6 13. Nc2 Bb7 14. Ng5 Qc7 15. Qe2 Nb4
16. Nxb4 cxb4 17. Ne4 h5 18. Bd2 a5 19. Qf3 Bxe4 20. Rxe4 Rfd8 21. Rd1 Qc5 22.
h3 a4 23. g4 Nh4 24. Qe2 Nxg2 25. Kxg2 hxg4 26. hxg4 b5 27. cxb5 Re8 28. Rc1
Qxb5 29. Rxd4 Rac8 30. Rdc4 Rxc4 31. Rxc4 b3 32. axb3 Qxb3 33. Bc3 Qa2 34. Qc2
a3 35. Ra4 Qd5+ 36. Kg3 axb2 37. Bxb2 Qh1 38. Rc4 Qg1+ 39. Kf3 Qh1+ 40. Qg2
Qd1+ 41. Qe2 Qh1+ 42. Qg2 Qd1+ 43. Qe2 1/2-1/2

[Event "Finale Challenge Blitz BNP Paribas"]
[Site "Port Marly"]
[Date "2013.06.15"]
[Round "14.4"]
[White "Lalau, Alexandre"]
[Black "Leconte, Jean-Olivier"]
[Result "0-1"]
[WhiteElo "2310"]
[BlackElo "2330"]
[PlyCount "104"]
[EventDate "2013.06.15"]
[EventType "match (rapid)"]
[EventRounds "15"]
[EventCountry "FRA"]
[SourceDate "2005.09.12"]

1. e4 e6 2. d4 d5 3. Nd2 Nc6 4. c3 e5 5. exd5 Qxd5 6. dxe5 Nxe5 7. Ngf3 Nd3+ 8.
Bxd3 Qxd3 9. Qa4+ Bd7 10. Qe4+ Qxe4+ 11. Nxe4 Bb5 12. Bg5 f6 13. Be3 O-O-O 14.
Nd4 Bd3 15. Ng3 Bd6 16. O-O-O Ba6 17. Ne6 Rd7 18. Nf5 g6 19. Nxd6+ cxd6 20.
Bxa7 Ne7 21. Rhe1 Nc6 22. Bb6 Re8 23. Nf4 Re5 24. Nd5 f5 25. f4 Rxe1 26. Rxe1
Rf7 27. b3 Bd3 28. g3 Be4 29. Ne3 Kd7 30. Kd2 Ke6 31. c4 Rf8 32. Kc3 h6 33. Nf1
Kd7 34. Nd2 Re8 35. b4 d5 36. Nb3 dxc4 37. Nc5+ Kc8 38. Nxe4 fxe4 39. Kxc4 Re6
40. a3 Kd7 41. Rd1+ Ke8 42. Be3 Ne7 43. Rd4 Nf5 44. b5 Nxe3+ 45. Kc5 Nf5 46.
Rd1 e3 47. Re1 e2 48. Kd5 Ke7 49. a4 h5 50. a5 Ne3+ 51. Kc5 Nc2 52. Rc1 e1=Q
0-1

[Event "Finale Challenge Blitz BNP Paribas"]
[Site "Port Marly"]
[Date "2013.06.15"]
[Round "14.5"]
[White "Sotelo, Renzo"]
[Black "Devallee, Jeremie"]
[Result "1/2-1/2"]
[WhiteElo "2230"]
[BlackElo "2190"]
[PlyCount "149"]
[EventDate "2013.06.15"]
[EventType "match (rapid)"]
[EventRounds "15"]
[EventCountry "FRA"]
[SourceDate "2005.09.12"]

1. e4 c5 2. Nf3 d6 3. Bb5+ Bd7 4. Bxd7+ Qxd7 5. O-O Nc6 6. Re1 e6 7. c3 Be7 8.
d3 Nf6 9. h3 O-O 10. Bf4 Rfd8 11. Nbd2 b5 12. a4 a6 13. Qe2 b4 14. Nc4 Rab8 15.
a5 bxc3 16. bxc3 Rb5 17. d4 d5 18. exd5 Nxd5 19. Bd2 Qc7 20. Nfe5 cxd4 21. Nxc6
Qxc6 22. cxd4 Rc8 23. Ne5 Qb7 24. Rec1 Bf6 25. Rxc8+ Qxc8 26. Rc1 Qb7 27. Qc4
g6 28. Bh6 Ne7 29. Qc7 Qxc7 30. Rxc7 Rd5 31. Ng4 Bg7 32. Bxg7 Kxg7 33. Rxe7
Rxd4 34. Ra7 Rd6 35. Ne5 Kf6 36. Nxf7 Rd1+ 37. Kh2 Rd2 38. f3 Ra2 39. Nd6 Rxa5
40. Ne4+ Ke5 41. Rxh7 Ra1 42. h4 a5 43. Ra7 a4 44. Ra5+ Kd4 45. Nd2 Kc3 46.
Ne4+ Kb4 47. Ra6 a3 48. Rxe6 a2 49. Ra6 Kb3 50. Nc5+ Kc4 51. Ne4 Kb3 52. Kg3
Rd1 53. Nc5+ Kc4 54. Rxa2 Kxc5 55. Ra6 Kd5 56. Rxg6 Ke5 57. Rg8 Kf6 58. Kg4
Rd4+ 59. f4 Rd2 60. g3 Rd3 61. h5 Rd7 62. Rg6+ Kf7 63. Kg5 Rd5+ 64. f5 Rd3 65.
g4 Rd1 66. Rh6 Kg7 67. Ra6 Rd7 68. h6+ Kh7 69. Kh5 Rf7 70. f6 Rf8 71. g5 Kh8
72. g6 Kg8 73. h7+ Kh8 74. g7+ Kxh7 75. gxf8=R 1/2-1/2

[Event "Finale Challenge Blitz BNP Paribas"]
[Site "Port Marly"]
[Date "2013.06.15"]
[Round "14.6"]
[White "Delaunay, Sebastien"]
[Black "Dubois, Pierre"]
[Result "1/2-1/2"]
[WhiteElo "2420"]
[BlackElo "2170"]
[PlyCount "136"]
[EventDate "2013.06.15"]
[EventType "match (rapid)"]
[EventRounds "15"]
[EventCountry "FRA"]
[SourceDate "2005.09.12"]

1. Nf3 d5 2. g3 Nf6 3. Bg2 e6 4. O-O c5 5. c4 Nc6 6. cxd5 exd5 7. d4 cxd4 8.
Nxd4 Be7 9. b3 O-O 10. Bb2 Re8 11. Nd2 Bf8 12. e3 Bg4 13. N2f3 Ne4 14. h3 Bh5
15. Nxc6 bxc6 16. Qc2 c5 17. Rfd1 Bg6 18. Nh4 Qg5 19. Nxg6 hxg6 20. Qe2 Rac8
21. Qg4 Qxg4 22. hxg4 Red8 23. Rac1 Be7 24. Kf1 Bf6 25. Bxf6 Nxf6 26. g5 Ne4
27. Bxe4 dxe4 28. Rxd8+ Rxd8 29. Rxc5 Rd1+ 30. Kg2 Rd7 31. Re5 Rd2 32. Rxe4
Rxa2 33. Ra4 Rb2 34. Rxa7 Rxb3 35. Kf3 Rb2 36. e4 f6 37. gxf6 gxf6 38. Rd7 Ra2
39. g4 Rb2 40. Kg3 g5 41. Rd3 Kf7 42. f4 gxf4+ 43. Kxf4 Rf2+ 44. Rf3 Re2 45.
Ra3 Kg6 46. Ra6 Rf2+ 47. Kg3 Re2 48. Kf3 Re1 49. Ra5 Rb1 50. Rf5 Rb3+ 51. Kf4
Rb1 52. Rc5 Re1 53. Rc3 Kf7 54. Ra3 Kg6 55. Rg3 Rf1+ 56. Rf3 Rg1 57. Rf2 Re1
58. Rg2 Rf1+ 59. Ke3 Re1+ 60. Kf4 Rf1+ 61. Kg3 Re1 62. Kf3 Rf1+ 63. Rf2 Re1 64.
Kf4 Rg1 65. Ra2 Rf1+ 66. Kg3 Rg1+ 67. Kf3 Rf1+ 68. Rf2 Ra1 1/2-1/2

[Event "Finale Challenge Blitz BNP Paribas"]
[Site "Port Marly"]
[Date "2013.06.15"]
[Round "14.7"]
[White "Partac, Elena"]
[Black "Bonnaud, Remy"]
[Result "0-1"]
[WhiteElo "2110"]
[BlackElo "2230"]
[PlyCount "121"]
[EventDate "2013.06.15"]
[EventType "match (rapid)"]
[EventRounds "15"]
[EventCountry "FRA"]
[SourceDate "2005.09.12"]

1. e4 d5 2. exd5 Qxd5 3. Nc3 Qa5 4. Nf3 Nf6 5. Be2 c6 6. O-O Bf5 7. d3 e5 8.
Bd2 Qc7 9. Bg5 Nbd7 10. h3 Bd6 11. Nh4 Be6 12. Ne4 Be7 13. Nf3 h6 14. Bd2 O-O
15. Ng3 Nd5 16. d4 Bd6 17. Ne4 Be7 18. dxe5 Nxe5 19. Nd4 Bc8 20. c4 Nf6 21.
Nxf6+ Bxf6 22. Qc2 Ng6 23. Nf5 Nf4 24. Bf3 Be6 25. Ng3 Rad8 26. Bc3 Bxc3 27.
Qxc3 Rd3 28. Qc2 Nxh3+ 29. Kh2 Nf4 30. Rad1 Rxd1 31. Rxd1 Rd8 32. Rxd8+ Qxd8
33. Qe4 Qh4+ 34. Kg1 Qf6 35. b3 g6 36. Qe3 h5 37. Ne4 Qe5 38. Qxa7 Bf5 39. Qe3
Qa1+ 40. Kh2 Qxa2 41. Qxf4 Qxb3 42. Qh6 Qb2 43. Ng5 Qf6 44. Qh7+ Kf8 45. Qh6+
Ke7 46. Kg3 Kd6 47. Ne4+ Bxe4 48. Bxe4 b5 49. Qf4+ Qe5 50. cxb5 cxb5 51. Qxe5+
Kxe5 52. Bc2 g5 53. Kf3 f5 54. g3 Kd4 55. Bxf5 b4 56. Kg2 h4 57. g4 Kc3 58. Kh3
Kd4 59. f4 Ke3 60. fxg5 b3 61. Kxh4 0-1

[Event "Finale Challenge Blitz BNP Paribas"]
[Site "Port Marly"]
[Date "2013.06.15"]
[Round "14.8"]
[White "Dutreuil, Raphael"]
[Black "Ljubotina, Lazo"]
[Result "1-0"]
[WhiteElo "2390"]
[BlackElo "2070"]
[PlyCount "85"]
[EventDate "2013.06.15"]
[EventType "match (rapid)"]
[EventRounds "15"]
[EventCountry "FRA"]
[SourceDate "2005.09.12"]

1. Nf3 g6 2. g3 Bg7 3. Bg2 d5 4. O-O e5 5. d3 Ne7 6. Nbd2 O-O 7. c4 c6 8. Qc2
Nd7 9. Rb1 f5 10. e4 d4 11. Ng5 Nf6 12. c5 Qd7 13. Nc4 Ne8 14. Nf3 fxe4 15.
dxe4 Qc7 16. Qb3 Kh8 17. Ng5 h6 18. Nh3 g5 19. f4 exf4 20. gxf4 g4 21. Nf2 Ng6
22. f5 Ne5 23. Nxe5 Bxe5 24. Nxg4 Nf6 25. Nxe5 Qxe5 26. Qh3 h5 27. Bf4 Qxc5 28.
e5 Nh7 29. e6 h4 30. Bh6 Rf6 31. Qxh4 d3+ 32. Kh1 Qf8 33. Bxf8 Rxf8 34. e7 Re8
35. f6 Be6 36. Be4 Bg8 37. f7 Rxe7 38. fxg8=Q+ Rxg8 39. Rg1 Reg7 40. Rxg7 Rxg7
41. Rg1 Rd7 42. Bxh7 Rxh7 43. Qf6+ 1-0

[Event "Finale Challenge Blitz BNP Paribas"]
[Site "Port Marly"]
[Date "2013.06.15"]
[Round "15.1"]
[White "Dourerassou, Jonathan"]
[Black "Mayer, Philippe"]
[Result "1-0"]
[WhiteElo "2580"]
[BlackElo "2330"]
[PlyCount "61"]
[EventDate "2013.06.15"]
[EventType "match (rapid)"]
[EventRounds "15"]
[EventCountry "FRA"]
[SourceDate "2005.09.12"]

1. e4 c5 2. Nc3 e6 3. Nf3 Nc6 4. b3 d6 5. Bb2 Nf6 6. Be2 Be7 7. O-O O-O 8. d4
cxd4 9. Nxd4 a6 10. a4 Qc7 11. Bf3 Ne5 12. Be2 Rb8 13. f4 Nc6 14. Kh1 b6 15.
Bf3 Bb7 16. Nde2 Rfd8 17. Ng3 Nb4 18. Qd2 Rbc8 19. Rac1 d5 20. e5 Ne4 21. Bxe4
dxe4 22. Qe2 Nd5 23. Ncxe4 b5 24. axb5 axb5 25. f5 Nb4 26. fxe6 fxe6 27. Nf6+
Bxf6 28. exf6 Bd5 29. f7+ Kf8 30. Qg4 g6 31. Qxb4+ 1-0

[Event "Finale Challenge Blitz BNP Paribas"]
[Site "Port Marly"]
[Date "2013.06.15"]
[Round "15.2"]
[White "Varoquier, Romain"]
[Black "Guliyev, Namig"]
[Result "0-1"]
[WhiteElo "2310"]
[BlackElo "2580"]
[PlyCount "78"]
[EventDate "2013.06.15"]
[EventType "match (rapid)"]
[EventRounds "15"]
[EventCountry "FRA"]
[SourceDate "2005.09.12"]

1. e4 c5 2. c4 Nc6 3. Nc3 d6 4. g3 g6 5. Bg2 Bg7 6. a3 Nf6 7. Nge2 O-O 8. O-O
Ne8 9. Rb1 Nc7 10. b4 Ne6 11. d3 Rb8 12. Be3 b6 13. Qd2 Bb7 14. Bh6 Ncd4 15.
Bxg7 Kxg7 16. f4 f5 17. Rbe1 Qd7 18. Nxd4 Nxd4 19. exf5 gxf5 20. Re3 Bxg2 21.
Qxg2 Rbe8 22. Qb2 Kg8 23. Ne2 Nc6 24. b5 Na5 25. Nc3 e6 26. Qg2 Nb3 27. a4 Qg7
28. Nd1 Nd4 29. Rf2 Kh8 30. a5 bxa5 31. Ra2 Qc7 32. Nc3 e5 33. Nd5 Qd8 34. fxe5
dxe5 35. Re1 e4 36. dxe4 fxe4 37. Rf1 Rxf1+ 38. Qxf1 Rf8 39. Qb1 Qg5 0-1

[Event "Finale Challenge Blitz BNP Paribas"]
[Site "Port Marly"]
[Date "2013.06.15"]
[Round "15.3"]
[White "Leconte, Jean-Olivier"]
[Black "Sotelo, Renzo"]
[Result "1-0"]
[WhiteElo "2330"]
[BlackElo "2230"]
[PlyCount "82"]
[EventDate "2013.06.15"]
[EventType "match (rapid)"]
[EventRounds "15"]
[EventCountry "FRA"]
[SourceDate "2005.09.12"]

1. e4 e6 2. Nf3 d5 3. e5 c5 4. b4 c4 5. c3 Nc6 6. d3 cxd3 7. Bxd3 Qc7 8. Bf4
Nge7 9. Bg3 Ng6 10. Qe2 Bd7 11. O-O Be7 12. h4 a6 13. Nbd2 Rc8 14. h5 Nf8 15.
Nb3 h6 16. Rac1 b5 17. Rfe1 Nh7 18. Nfd4 Qb6 19. Qg4 Bf8 20. Kh2 Ne7 21. Nc5
Rxc5 22. bxc5 Qxc5 23. Qe2 Bc8 24. f4 Nc6 25. Bf2 Bd7 26. Nxb5 axb5 27. Bxc5
Bxc5 28. Bxh7 Rxh7 29. Qxb5 Be7 30. Rb1 Bd8 31. Qa6 Rh8 32. Rb7 Ne7 33. Reb1
Bc8 34. Qb5+ Kf8 35. Rb8 g6 36. Rxc8 Nxc8 37. Qd7 Kg7 38. Qxc8 gxh5 39. Qd7 Bh4
40. Rb7 Rf8 41. Qxd5 exd5 1-0

[Event "Finale Challenge Blitz BNP Paribas"]
[Site "Port Marly"]
[Date "2013.06.15"]
[Round "15.4"]
[White "Devallee, Jeremie"]
[Black "Dutreuil, Raphael"]
[Result "1-0"]
[WhiteElo "2190"]
[BlackElo "2220"]
[PlyCount "89"]
[EventDate "2013.06.15"]
[EventType "match (rapid)"]
[EventRounds "15"]
[EventCountry "FRA"]
[SourceDate "2005.09.12"]

1. e4 c5 2. Nf3 e6 3. b4 cxb4 4. d4 d5 5. e5 Nc6 6. a3 bxa3 7. c3 Nge7 8. Nxa3
Ng6 9. Bd3 Nh4 10. O-O Be7 11. Nb5 Nxf3+ 12. Qxf3 g5 13. Qh5 a6 14. Nd6+ Bxd6
15. exd6 Qxd6 16. Qxg5 Qe7 17. Qg7 Qf8 18. Qf6 Rg8 19. Ba3 Qg7 20. Qf3 Qg4 21.
Qxg4 Rxg4 22. Bxh7 b5 23. f4 f5 24. Rf3 Rg7 25. Rh3 Raa7 26. Bxf5 exf5 27. Re1+
Kd8 28. Rh8+ Kc7 29. Bc5 Rb7 30. Ree8 Bd7 31. Ref8 Rb8 32. h4 Rxf8 33. Bxf8 Rf7
34. h5 Ne7 35. Bxe7 Rxe7 36. h6 Be8 37. Rg8 Rh7 38. Rxe8 Rxh6 39. Re5 Rc6 40.
Rxd5 Rxc3 41. Rxf5 b4 42. Rf7+ Kb6 43. Rf8 b3 44. Rb8+ Kc6 45. Rc8+ 1-0

[Event "Finale Challenge Blitz BNP Paribas"]
[Site "Port Marly"]
[Date "2013.06.15"]
[Round "15.5"]
[White "Rene, Benoit"]
[Black "Lalau, Alexandre"]
[Result "1-0"]
[WhiteElo "2430"]
[BlackElo "2310"]
[PlyCount "68"]
[EventDate "2013.06.15"]
[EventType "match (rapid)"]
[EventRounds "15"]
[EventCountry "FRA"]
[SourceDate "2005.09.12"]

1. g3 d5 2. Bg2 Nf6 3. d3 c6 4. Nd2 e5 5. e4 Be6 6. Ngf3 Bd6 7. O-O O-O 8. b3
Nbd7 9. Bb2 h6 10. h3 Qc7 11. Qe2 Rfe8 12. a3 b5 13. Rfe1 d4 14. Nh4 g6 15. Bc1
Nf8 16. Ndf3 Kh7 17. Qd2 Ng8 18. Nh2 f5 19. exf5 gxf5 20. N2f3 Rac8 21. Qd1 Qg7
22. a4 a6 23. axb5 axb5 24. Ra6 Qb7 25. Ra1 Qg7 26. Bb2 Ng6 27. Nxg6 Qxg6 28.
Nxe5 Bxe5 29. Rxe5 c5 30. Qe2 Bf7 31. b4 Rxe5 32. Qxe5 cxb4 33. Bxd4 Be6 34.
Bb2 Qe8 1-0

[Event "Finale Challenge Blitz BNP Paribas"]
[Site "Port Marly"]
[Date "2013.06.15"]
[Round "15.6"]
[White "Bonnaud, Remy"]
[Black "Glod, Philippe"]
[Result "0-1"]
[WhiteElo "2230"]
[BlackElo "2140"]
[PlyCount "126"]
[EventDate "2013.06.15"]
[EventType "match (rapid)"]
[EventRounds "15"]
[EventCountry "FRA"]
[SourceDate "2005.09.12"]

1. e4 e5 2. Nf3 Nc6 3. Bc4 Bc5 4. Nc3 Nf6 5. d3 d6 6. Bg5 h6 7. Bxf6 Qxf6 8.
Nd5 Qd8 9. c3 a6 10. d4 Ba7 11. dxe5 Nxe5 12. Nxe5 dxe5 13. Qh5 O-O 14. Qxe5
Re8 15. Qf4 Qd6 16. Qf3 c6 17. Ne3 Be6 18. Bb3 Bxb3 19. axb3 Bxe3 20. Qxe3 Qe6
21. O-O Qxb3 22. Rab1 Re7 23. f3 Rae8 24. Qd2 Qb6+ 25. Kh1 Qc7 26. Rbd1 a5 27.
c4 Qe5 28. Ra1 b6 29. Rfe1 Qc5 30. Rec1 f5 31. exf5 Qxf5 32. c5 Re2 33. Qc3 Qg5
34. Rg1 Qxc5 35. Qxc5 bxc5 36. Rxa5 Rxb2 37. Rxc5 Rb6 38. h3 Kh7 39. Rgc1 Re6
40. Kh2 g5 41. R1c2 Kg6 42. Kg3 Rd6 43. h4 gxh4+ 44. Kxh4 Rd4+ 45. Kg3 Rd6 46.
R2c4 h5 47. f4 Rf6 48. Rg5+ Kh6 49. Rcc5 Rb3+ 50. Kh2 Rxf4 51. Rxh5+ Kg6 52.
Rcg5+ Kf6 53. Rg8 Rc4 54. Rh6+ Kf7 55. Rg3 Rc2 56. Rh7+ Kf6 57. Rh6+ Kf7 58.
Rh7+ Kf6 59. Rh6+ Kf7 60. Rh7+ Kf6 61. Rf7+ Kxf7 62. Rxb3 Kg6 63. Rg3+ Kf5 0-1

[Event "Finale Challenge Blitz BNP Paribas"]
[Site "Port Marly"]
[Date "2013.06.15"]
[Round "15.7"]
[White "Acudad, Marsuk"]
[Black "Delaunay, Sebastien"]
[Result "0-1"]
[WhiteElo "1700"]
[BlackElo "2420"]
[PlyCount "74"]
[EventDate "2013.06.15"]
[EventType "match (rapid)"]
[EventRounds "15"]
[EventCountry "FRA"]
[SourceDate "2005.09.12"]

1. d4 Nf6 2. c4 c5 3. d5 b5 4. cxb5 a6 5. Nc3 axb5 6. Nxb5 Ba6 7. Nc3 g6 8. Nf3
d6 9. h3 Bg7 10. g3 O-O 11. e3 Bxf1 12. Kxf1 Qa5 13. Kg2 Nbd7 14. Re1 Rfb8 15.
e4 Ne8 16. Qc2 Nc7 17. Bd2 Qa6 18. Bg5 Nf6 19. e5 dxe5 20. Nxe5 Ncxd5 21. Nxd5
Nxd5 22. Qxc5 e6 23. Nc6 Rc8 24. Ne7+ Nxe7 25. Qxe7 Ra7 26. Qa3 Qxa3 27. bxa3
Bxa1 28. Rxa1 Kg7 29. Be3 Rxa3 30. Bd4+ f6 31. Bb2 Ra4 32. a3 Rc2 33. Bc1 g5
34. Be3 Rc3 35. Bc1 Kg6 36. Bb2 Rb3 37. Bc1 h5 0-1

[Event "Finale Challenge Blitz BNP Paribas"]
[Site "Port Marly"]
[Date "2013.06.15"]
[Round "15.8"]
[White "Dieu, Bruno"]
[Black "Leconte, Maria"]
[Result "0-1"]
[WhiteElo "2360"]
[BlackElo "2290"]
[PlyCount "70"]
[EventDate "2013.06.15"]
[EventType "match (rapid)"]
[EventRounds "15"]
[EventCountry "FRA"]
[SourceDate "2005.09.12"]

1. Nc3 Nf6 2. e4 e6 3. e5 Nd5 4. Nf3 Be7 5. Bc4 Nb6 6. Bb3 d5 7. exd6 cxd6 8.
d4 O-O 9. O-O d5 10. Bf4 Nc6 11. Ne2 Nc4 12. Rb1 N6a5 13. c3 Nxb3 14. axb3 Nd6
15. Ng3 Ne4 16. Nxe4 dxe4 17. Nd2 f5 18. f3 g5 19. Be5 e3 20. Nc4 f4 21. g3 b5
22. Na3 a6 23. gxf4 gxf4 24. Kh1 Rf7 25. Rg1+ Kf8 26. Qf1 Bf6 27. Bxf4 Bb7 28.
Bh6+ Ke7 29. Rg3 Qd5 30. Qe2 Bh4 31. Rbg1 Qh5 32. Qxe3 Rxf3 33. Rxf3 Qxf3+ 34.
Qxf3 Bxf3+ 35. Rg2 Rg8 0-1

[Event "Zonal Amazonas 2013"]
[Site "Manaus"]
[Date "2013.06.09"]
[Round "1.1"]
[White "Bernardino, Hugo Barros"]
[Black "Reis, Renan Do Carmo"]
[Result "1-0"]
[WhiteElo "1856"]
[BlackElo "2266"]
[PlyCount "99"]
[EventDate "2013.06.09"]
[EventRounds "6"]
[EventCountry "BRA"]
[SourceDate "2005.09.12"]

1. Nf3 c5 2. d3 d5 3. g3 Nc6 4. Bg2 e5 5. Nbd2 Nf6 6. O-O Be7 7. e4 d4 8. h4
Bg4 9. Re1 h6 10. Nf1 Qd7 11. N1h2 Bh3 12. Bd2 O-O-O 13. a3 g5 14. Bxh3 Qxh3
15. Bxg5 Nh5 16. Bxe7 Rdg8 17. Kh1 Nxe7 18. Ng1 Nxg3+ 19. fxg3 Qxg3 20. Qf3
Qxh4 21. Qh3+ Qxh3 22. Nxh3 Rg3 23. Nf2 h5 24. Rg1 h4 25. Nhg4 Ng6 26. Kh2 Rf3
27. Nh3 f5 28. exf5 Rxf5 29. Raf1 Rhf8 30. Rxf5 Rxf5 31. Nh6 Rf6 32. Ng8 Rb6
33. Rxg6 Rxb2 34. Rg2 Ra2 35. Ne7+ Kd8 36. Ng6 e4 37. dxe4 c4 38. Nhf4 h3 39.
Kxh3 Rxa3+ 40. Kg4 Ke8 41. e5 b5 42. e6 Re3 43. Nd5 Rxe6 44. Nc7+ Kf7 45. Nxe6
Kxe6 46. Kf4 Kd5 47. Rg5+ Kc6 48. Ke4 d3 49. cxd3 c3 50. Kd4 1-0

[Event "Zonal Amazonas 2013"]
[Site "Manaus"]
[Date "2013.06.09"]
[Round "1.2"]
[White "Souza Neves, Andrey M"]
[Black "Dos Santos, Jardel Farias"]
[Result "1-0"]
[WhiteElo "2174"]
[BlackElo "1800"]
[PlyCount "55"]
[EventDate "2013.06.09"]
[EventRounds "6"]
[EventCountry "BRA"]
[SourceDate "2005.09.12"]

1. d4 d5 2. c4 Nf6 3. cxd5 Nxd5 4. Nf3 Bf5 5. Nc3 Nxc3 6. bxc3 e6 7. Qb3 b6 8.
e3 Be4 9. Ne5 a6 10. Bd3 Bxg2 11. Rg1 Bd6 12. Rxg2 Bxe5 13. Be4 Nd7 14. dxe5
O-O 15. Ba3 c5 16. O-O-O Ra7 17. Qc2 g6 18. f4 Qe7 19. h4 Qxh4 20. Rh2 Qe7 21.
Rxh7 Nf6 22. exf6 Qxf6 23. Rdh1 Rd8 24. Rh8+ Qxh8 25. Rxh8+ Kxh8 26. c4 Kg7 27.
Bb2+ f6 28. Qg2 1-0

[Event "Zonal Amazonas 2013"]
[Site "Manaus"]
[Date "2013.06.09"]
[Round "1.3"]
[White "Silveira, Joao Pedro Vieira"]
[Black "De Oliveira, Victor Gabriel C"]
[Result "0-1"]
[WhiteElo "1800"]
[BlackElo "2052"]
[PlyCount "56"]
[EventDate "2013.06.09"]
[EventRounds "6"]
[EventCountry "BRA"]
[SourceDate "2005.09.12"]

1. e4 c5 2. Nc3 d6 3. Be2 Nc6 4. Nf3 Nf6 5. O-O g6 6. Nd5 Nxe4 7. d3 Nf6 8.
Nxf6+ exf6 9. c3 Bg7 10. b4 cxb4 11. cxb4 f5 12. Rb1 Be6 13. Bb2 Bxb2 14. Rxb2
Qf6 15. d4 Bd5 16. Qd2 O-O 17. Re1 Rfe8 18. Qf4 Bxf3 19. Rd2 Bxe2 20. Rexe2
Rxe2 21. Rxe2 Nxd4 22. Re1 Ne2+ 23. Kh1 Nxf4 24. h3 Qc3 25. Re3 Qc1+ 26. Kh2
Qf1 27. Rg3 Ne2 28. h4 Qg1+ 0-1

[Event "Zonal Amazonas 2013"]
[Site "Manaus"]
[Date "2013.06.09"]
[Round "1.4"]
[White "Rocha, Roberto Da Costa"]
[Black "Rodolpho Filho, Joao"]
[Result "1-0"]
[WhiteElo "2010"]
[BlackElo "1782"]
[PlyCount "41"]
[EventDate "2013.06.09"]
[EventRounds "6"]
[EventCountry "BRA"]
[SourceDate "2005.09.12"]

1. e4 c5 2. Nf3 d6 3. c3 Nc6 4. d4 cxd4 5. cxd4 e6 6. Bd3 e5 7. d5 Nce7 8. O-O
g6 9. Be3 Bg7 10. Qa4+ Bd7 11. Qb4 Qc7 12. Rc1 Qb8 13. Na3 a6 14. Nc4 Nc8 15.
Nb6 Nxb6 16. Bxb6 Ne7 17. Bc7 Nc6 18. Rxc6 Qc8 19. Rc2 Bf8 20. Bxd6 Bxd6 21.
Rxc8+ 1-0

[Event "Zonal Amazonas 2013"]
[Site "Manaus"]
[Date "2013.06.09"]
[Round "1.6"]
[White "Silva, Miguel Zadorosny"]
[Black "Da Silva, Mikhail Zoltan Iwan"]
[Result "0-1"]
[WhiteElo "1781"]
[BlackElo "1983"]
[PlyCount "72"]
[EventDate "2013.06.09"]
[EventRounds "6"]
[EventCountry "BRA"]
[SourceDate "2005.09.12"]

1. e4 c5 2. Nf3 d6 3. d3 Bg4 4. Be2 Nc6 5. Nc3 e6 6. O-O Nf6 7. h3 Bh5 8. Bg5
Be7 9. Qd2 a6 10. a4 h6 11. Be3 d5 12. e5 Nd7 13. Bf4 Bxf3 14. Bxf3 Ndxe5 15.
Bd1 Ng6 16. Ne2 Nxf4 17. Nxf4 Qd6 18. Ne2 O-O 19. Qf4 e5 20. Qf3 f5 21. c4 e4
22. dxe4 dxe4 23. Qf4 Qf6 24. Rb1 Bd6 25. Qe3 Rfe8 26. Qb3 Nb4 27. a5 f4 28. f3
e3 29. Bc2 Bc7 30. Be4 Rxe4 31. fxe4 Qe5 32. Ra1 f3 33. Nf4 f2+ 34. Rxf2 exf2+
35. Kxf2 Qxf4+ 36. Qf3 Qd2+ 0-1

[Event "Zonal Amazonas 2013"]
[Site "Manaus"]
[Date "2013.06.09"]
[Round "1.7"]
[White "Da Silva, Jefferson Rian Ferr"]
[Black "Silveira, Lorensen Willer Soa"]
[Result "1-0"]
[WhiteElo "1978"]
[BlackElo "1780"]
[PlyCount "55"]
[EventDate "2013.06.09"]
[EventRounds "6"]
[EventCountry "BRA"]
[SourceDate "2005.09.12"]

1. e4 e5 2. Bc4 Nf6 3. d3 Be7 4. f4 exf4 5. Bxf4 O-O 6. Nf3 d6 7. O-O Nc6 8. a3
Bg4 9. h3 Bh5 10. g4 Bg6 11. Nh4 Ne5 12. Nxg6 Nxg6 13. Bg3 c6 14. Nc3 Qb6+ 15.
Bf2 Qxb2 16. Qd2 Ne5 17. Kg2 Nxc4 18. dxc4 c5 19. Rfb1 Nxe4 20. Nxe4 Qe5 21.
Ng3 b6 22. Re1 Qf6 23. Nf5 Rae8 24. Bh4 g5 25. Bxg5 Qxg5 26. Nxe7+ Qxe7 27.
Rxe7 Rxe7 28. Qg5+ 1-0

[Event "Zonal Amazonas 2013"]
[Site "Manaus"]
[Date "2013.06.09"]
[Round "1.8"]
[White "Gutierrez, Enrique Alberto Sot"]
[Black "Tavares, Vinicius dos Reis F"]
[Result "1-0"]
[WhiteElo "1919"]
[BlackElo "1727"]
[PlyCount "49"]
[EventDate "2013.06.09"]
[EventRounds "6"]
[EventCountry "BRA"]
[SourceDate "2005.09.12"]

1. d4 Nf6 2. c4 g6 3. Nc3 Bg7 4. e4 d6 5. Bd3 c5 6. d5 O-O 7. Nge2 e5 8. Ng3
Ne8 9. O-O Nc7 10. Be3 a6 11. Qd2 Nd7 12. a4 a5 13. Ra3 Rb8 14. Kh1 b6 15. Bh6
Qh4 16. Bg5 Bh6 17. Bxh6 Re8 18. Bg5 Qxg5 19. Qxg5 f6 20. Qh6 Nf8 21. f4 Kf7
22. Be2 Na6 23. Nb5 Rb7 24. Nxd6+ Ke7 25. fxe5 1-0